000 00648nam a2200193Ia 4500
003 GCL
008 140319s9999 xx 000 0 ara d
040 _aGCL /
_cGCL
082 0 4 _a811.09
_bس ك
100 1 _aسليمان العيسى
245 1 0 _aكتاب الحنين :
_bشعر ونثر /
_cسليمان العيسى
250 _aالاولى
260 _aسوريا :
_bوزارة الثقافة ،
_c2005
300 _a319 ص ؛
_c20 سم
650 0 4 _aالشعر العربى - دواوين وقصائد
650 0 4 _aالشعر العربى - مجموعات
650 0 4 _aالنثر العربى - مجموعات
942 _2ddc
_cBK
999 _c9886
_d9886